000 00488nam a2200181 4500
003 OSt
005 20260601171021.0
008 260520b\\\\\\\\||||||||\||||\00|\0\eng\d
040 _aICI
_bspa
_cICI
_erda
050 _aNK2195.M84
_bM85
100 _aKeikaku, Ryohin
_eautor
_934661
245 _aMuji Life 2011-12
264 _aJapón
_bKeikaku, Ryohin Co., Ltd.
_c2012
336 _2rdacontent
_atexto
337 _2rdamedia
_asin medio
338 _2rdacarrier
_avolumen
942 _2lcc
_n1
_cB
999 _c20888
_d20888